[Event "45th FIDE Chess Olympiad Open"]
[Site "Budapest, Hungary"]
[Date "2024.09.19"]
[Round "8"]
[White "Praggnanandhaa R"]
[Black "Tabatabaei, M. Amin"]
[Result "1/2-1/2"]
[Board "2"]
[WhiteFideId "25059530"]
[BlackFideId "12521213"]
[WhiteTitle "GM"]
[BlackTitle "GM"]
[WhiteElo "2750"]
[BlackElo "2714"]
[WhiteTeam "India"]
[BlackTeam "Iran"]
[WhiteClock "0:11:59"]
[BlackClock "0:07:33"]
[Variant "Standard"]

1. d4 {[%clk 1:29:52]}  d5 {[%clk 1:30:49]} 2. c4 {[%clk 1:30:14]}  e6 {[%clk 1:31:14]} 3. Nf3 {[%clk 1:30:21]}  Nf6 {[%clk 1:31:36]} 4. g3 {[%clk 1:30:42]}  Be7 {[%clk 1:31:58]} 5. Bg2 {[%clk 1:31:05]}  O-O {[%clk 1:32:22]} 6. O-O {[%clk 1:31:28]}  dxc4 {[%clk 1:32:47]} 7. Qc2 {[%clk 1:30:21]}  a6 {[%clk 1:33:09]} 8. a4 {[%clk 1:30:45]}  Bd7 {[%clk 1:33:30]} 9. Qxc4 {[%clk 1:30:20]}  Bc6 {[%clk 1:33:53]} 10. Bf4 {[%clk 1:30:18]}  Bd6 {[%clk 1:32:42]} 11. Qc1 {[%clk 1:30:15]}  h6 {[%clk 1:32:36]} 12. Nc3 {[%clk 1:29:11]}  Nd5 {[%clk 1:25:33]} 13. Bd2 {[%clk 1:19:10]}  Nd7 {[%clk 1:23:37]} 14. Rd1 {[%clk 1:11:42]}  Qe8 {[%clk 1:18:40]} 15. a5 {[%clk 0:53:16]}  f5 {[%clk 1:13:38]} 16. Qc2 {[%clk 0:48:54]}  N7f6 {[%clk 1:00:51]} 17. Re1 {[%clk 0:39:33]}  Rd8 {[%clk 1:00:31]} 18. Ne5 {[%clk 0:29:13]}  Nb4 {[%clk 0:46:14]} 19. Qb3 {[%clk 0:27:13]}  Bxg2 {[%clk 0:43:13]} 20. Kxg2 {[%clk 0:27:36]}  Bxe5 {[%clk 0:43:20]} 21. dxe5 {[%clk 0:27:44]}  Rxd2 {[%clk 0:40:28]} 22. Qxb4 {[%clk 0:27:43]}  Qc6+ {[%clk 0:38:36]} 23. Kg1 {[%clk 0:25:54]}  Nd5 {[%clk 0:36:13]} 24. Nxd5 {[%clk 0:24:12]}  Qxd5 {[%clk 0:36:08]} 25. Rac1 {[%clk 0:24:18]}  Rf7 {[%clk 0:35:18]} 26. b3 {[%clk 0:14:12]}  Rd4 {[%clk 0:24:43]} 27. Rc4 {[%clk 0:12:15]}  Rd1 {[%clk 0:22:31]} 28. Rxd1 {[%clk 0:10:29]}  Qxd1+ {[%clk 0:22:48]} 29. Kg2 {[%clk 0:10:53]}  Qd5+ {[%clk 0:23:05]} 30. Kg1 {[%clk 0:10:36]}  Rd7 {[%clk 0:07:18]} 31. e3 {[%clk 0:11:20]}  Qd1+ {[%clk 0:07:06]} 32. Kg2 {[%clk 0:11:59]}  Qd5+ {[%clk 0:07:33]} 1/2-1/2

[Event "45th FIDE Chess Olympiad Open"]
[Site "Budapest, Hungary"]
[Date "2024.09.19"]
[Round "8"]
[White "Vidit, Santosh Gujrathi"]
[Black "Idani, Pouya"]
[Result "1-0"]
[Board "4"]
[WhiteFideId "5029465"]
[BlackFideId "12510130"]
[WhiteTitle "GM"]
[BlackTitle "GM"]
[WhiteElo "2720"]
[BlackElo "2599"]
[WhiteTeam "India"]
[BlackTeam "Iran"]
[WhiteClock "0:03:05"]
[BlackClock "0:02:18"]
[Variant "Standard"]

1. e4 {[%clk 1:29:59]}  c5 {[%clk 1:30:55]} 2. Nf3 {[%clk 1:30:07]}  d6 {[%clk 1:31:22]} 3. d4 {[%clk 1:30:15]}  cxd4 {[%clk 1:31:47]} 4. Nxd4 {[%clk 1:30:33]}  Nf6 {[%clk 1:32:13]} 5. Nc3 {[%clk 1:30:45]}  a6 {[%clk 1:32:40]} 6. Bc4 {[%clk 1:30:43]}  e6 {[%clk 1:33:01]} 7. Be3 {[%clk 1:30:53]}  b5 {[%clk 1:32:16]} 8. Bb3 {[%clk 1:28:14]}  Bb7 {[%clk 1:26:13]} 9. f3 {[%clk 1:27:46]}  Nc6 {[%clk 1:26:36]} 10. Qe2 {[%clk 1:11:56]}  Na5 {[%clk 1:17:07]} 11. O-O-O {[%clk 1:08:42]}  Nxb3+ {[%clk 1:17:20]} 12. cxb3 {[%clk 1:03:19]}  Be7 {[%clk 1:13:30]} 13. Kb1 {[%clk 0:55:11]}  O-O {[%clk 1:10:18]} 14. g4 {[%clk 0:53:27]}  b4 {[%clk 1:01:16]} 15. Na4 {[%clk 0:53:30]}  Nd7 {[%clk 1:01:41]} 16. h4 {[%clk 0:52:27]}  Qa5 {[%clk 0:55:16]} 17. Bg5 {[%clk 0:49:04]}  Rfe8 {[%clk 0:34:19]} 18. Bxe7 {[%clk 0:46:54]}  Rxe7 {[%clk 0:34:42]} 19. h5 {[%clk 0:31:41]}  Rc8 {[%clk 0:29:10]} 20. h6 {[%clk 0:29:50]}  g6 {[%clk 0:29:34]} 21. Qd2 {[%clk 0:28:18]}  Nf6 {[%clk 0:20:13]} 22. Rhe1 {[%clk 0:26:43]}  Rec7 {[%clk 0:19:07]} 23. a3 {[%clk 0:25:15]}  Nd7 {[%clk 0:17:35]} 24. f4 {[%clk 0:19:32]}  e5 {[%clk 0:15:48]} 25. axb4 {[%clk 0:19:06]}  Bxe4+ {[%clk 0:16:11]} 26. Rxe4 {[%clk 0:18:22]}  Qd5 {[%clk 0:16:37]} 27. Qd3 {[%clk 0:07:59]}  Nf6 {[%clk 0:12:55]} 28. Ree1 {[%clk 0:08:18]}  Qxd4 {[%clk 0:13:20]} 29. Qxd4 {[%clk 0:08:25]}  exd4 {[%clk 0:13:39]} 30. g5 {[%clk 0:08:49]}  Nh5 {[%clk 0:10:29]} 31. Rxd4 {[%clk 0:08:08]}  Rf8 {[%clk 0:08:45]} 32. Rxd6 {[%clk 0:05:44]}  Nxf4 {[%clk 0:08:58]} 33. Nc5 {[%clk 0:06:06]}  Ne6 {[%clk 0:06:16]} 34. Nxe6 {[%clk 0:04:24]}  fxe6 {[%clk 0:06:40]} 35. Rxa6 {[%clk 0:03:41]}  e5 {[%clk 0:04:36]} 36. b5 {[%clk 0:03:21]}  Rc5 {[%clk 0:04:23]} 37. b6 {[%clk 0:03:16]}  Rb8 {[%clk 0:02:35]} 38. Ra7 {[%clk 0:03:18]}  Rb5 {[%clk 0:02:21]} 39. Rg7+ {[%clk 0:02:45]}  Kh8 {[%clk 0:02:18]} 40. Rc1 {[%clk 0:03:05]} 1-0

[Event "45th FIDE Chess Olympiad Open"]
[Site "Budapest, Hungary"]
[Date "2024.09.19"]
[Round "8"]
[White "Rapport, Richard"]
[Black "Martirosyan, Haik M."]
[Result "1/2-1/2"]
[Board "5"]
[WhiteFideId "738590"]
[BlackFideId "13306553"]
[WhiteTitle "GM"]
[BlackTitle "GM"]
[WhiteElo "2715"]
[BlackElo "2667"]
[WhiteTeam "Hungary"]
[BlackTeam "Armenia"]
[WhiteClock "0:19:18"]
[BlackClock "0:16:53"]
[Variant "Standard"]

1. e4 {[%clk 1:27:44]}  e5 {[%clk 1:30:30]} 2. Nf3 {[%clk 1:28:02]}  Nc6 {[%clk 1:30:54]} 3. Bc4 {[%clk 1:27:50]}  Bc5 {[%clk 1:31:12]} 4. O-O {[%clk 1:28:11]}  Nf6 {[%clk 1:31:27]} 5. d3 {[%clk 1:28:34]}  O-O {[%clk 1:31:30]} 6. Re1 {[%clk 1:28:51]}  Ng4 {[%clk 1:28:43]} 7. Rf1 {[%clk 1:28:52]}  Nf6 {[%clk 1:27:38]} 8. h3 {[%clk 1:29:06]}  d5 {[%clk 1:27:45]} 9. exd5 {[%clk 1:29:31]}  Nxd5 {[%clk 1:28:11]} 10. Re1 {[%clk 1:29:44]}  Be6 {[%clk 1:26:58]} 11. c3 {[%clk 1:29:29]}  Bb6 {[%clk 1:25:21]} 12. Bb3 {[%clk 1:29:43]}  Re8 {[%clk 1:17:50]} 13. Ng5 {[%clk 1:28:33]}  Qf6 {[%clk 1:12:59]} 14. Rf1 {[%clk 1:27:33]}  Nf4 {[%clk 1:07:33]} 15. Nxe6 {[%clk 1:19:36]}  Nxe6 {[%clk 1:07:17]} 16. Nd2 {[%clk 1:13:24]}  Rad8 {[%clk 0:59:04]} 17. Ne4 {[%clk 1:12:02]}  Qg6 {[%clk 0:58:16]} 18. Qf3 {[%clk 1:05:55]}  Kh8 {[%clk 0:55:58]} 19. h4 {[%clk 0:59:44]}  f5 {[%clk 0:53:38]} 20. Ng5 {[%clk 0:59:28]}  Nxg5 {[%clk 0:52:44]} 21. Bxg5 {[%clk 0:59:25]}  Rd6 {[%clk 0:49:58]} 22. Rae1 {[%clk 0:55:15]}  h6 {[%clk 0:47:14]} 23. Bc1 {[%clk 0:52:17]}  Rf8 {[%clk 0:43:01]} 24. Bc4 {[%clk 0:38:38]}  Rdd8 {[%clk 0:37:02]} 25. Qh3 {[%clk 0:32:59]}  a5 {[%clk 0:30:56]} 26. a3 {[%clk 0:30:25]}  f4 {[%clk 0:23:24]} 27. Kh2 {[%clk 0:27:05]}  Bc5 {[%clk 0:20:36]} 28. b4 {[%clk 0:26:37]}  axb4 {[%clk 0:20:32]} 29. axb4 {[%clk 0:26:58]}  Be7 {[%clk 0:19:59]} 30. d4 {[%clk 0:24:48]}  exd4 {[%clk 0:16:53]} 31. b5 {[%clk 0:19:18]} 1/2-1/2

[Event "45th FIDE Chess Olympiad Open"]
[Site "Budapest, Hungary"]
[Date "2024.09.19"]
[Round "8"]
[White "Sargsyan, Shant"]
[Black "Leko, Peter"]
[Result "1/2-1/2"]
[Board "6"]
[WhiteFideId "13306766"]
[BlackFideId "703303"]
[WhiteTitle "GM"]
[BlackTitle "GM"]
[WhiteElo "2649"]
[BlackElo "2666"]
[WhiteTeam "Armenia"]
[BlackTeam "Hungary"]
[WhiteClock "0:30:42"]
[BlackClock "0:20:23"]
[Variant "Standard"]

1. e4 {[%clk 1:30:51]}  e5 {[%clk 1:27:06]} 2. Nf3 {[%clk 1:30:11]}  Nc6 {[%clk 1:27:29]} 3. Bb5 {[%clk 1:30:35]}  Nf6 {[%clk 1:27:47]} 4. d3 {[%clk 1:30:57]}  Bc5 {[%clk 1:28:08]} 5. c3 {[%clk 1:31:13]}  O-O {[%clk 1:28:00]} 6. O-O {[%clk 1:31:21]}  d5 {[%clk 1:28:02]} 7. Nbd2 {[%clk 1:31:19]}  Re8 {[%clk 1:24:37]} 8. exd5 {[%clk 1:28:01]}  a6 {[%clk 1:24:49]} 9. Bxc6 {[%clk 1:27:05]}  bxc6 {[%clk 1:23:18]} 10. Nb3 {[%clk 1:27:27]}  Qxd5 {[%clk 1:23:22]} 11. c4 {[%clk 1:27:06]}  Qd6 {[%clk 1:23:45]} 12. Nxc5 {[%clk 1:26:48]}  Qxc5 {[%clk 1:24:06]} 13. h3 {[%clk 1:11:41]}  Bf5 {[%clk 0:46:02]} 14. Be3 {[%clk 1:05:18]}  Qb4 {[%clk 0:44:48]} 15. Qe2 {[%clk 1:03:35]}  Qd6 {[%clk 0:29:10]} 16. Rad1 {[%clk 0:56:53]}  c5 {[%clk 0:28:36]} 17. Nh4 {[%clk 0:57:00]}  Bg6 {[%clk 0:27:32]} 18. Qd2 {[%clk 0:49:38]}  Qc6 {[%clk 0:24:35]} 19. Nxg6 {[%clk 0:47:14]}  hxg6 {[%clk 0:23:20]} 20. Qa5 {[%clk 0:47:35]}  Nd7 {[%clk 0:23:37]} 21. a3 {[%clk 0:47:21]}  Re6 {[%clk 0:20:34]} 22. b4 {[%clk 0:44:54]}  Qb6 {[%clk 0:19:23]} 23. Qa4 {[%clk 0:40:03]}  Qc6 {[%clk 0:19:47]} 24. Qa5 {[%clk 0:36:38]}  Qb6 {[%clk 0:20:11]} 25. Qa4 {[%clk 0:31:12]}  Qc6 {[%clk 0:20:23]} 26. Qa5 {[%clk 0:30:42]}  Qb6 {[%clk 0:20:23]} 1/2-1/2

[Event "45th FIDE Chess Olympiad Open"]
[Site "Budapest, Hungary"]
[Date "2024.09.19"]
[Round "8"]
[White "Hovhannisyan, Robert"]
[Black "Gledura, Benjamin"]
[Result "0-1"]
[Board "8"]
[WhiteFideId "13302507"]
[BlackFideId "712779"]
[WhiteTitle "GM"]
[BlackTitle "GM"]
[WhiteElo "2619"]
[BlackElo "2628"]
[WhiteTeam "Armenia"]
[BlackTeam "Hungary"]
[WhiteClock "0:16:09"]
[BlackClock "0:35:56"]
[Variant "Standard"]

1. e4 {[%clk 1:30:56]}  c5 {[%clk 1:29:10]} 2. Nf3 {[%clk 1:31:13]}  d6 {[%clk 1:29:22]} 3. d4 {[%clk 1:31:31]}  cxd4 {[%clk 1:29:42]} 4. Qxd4 {[%clk 1:31:53]}  Nc6 {[%clk 1:29:57]} 5. Bb5 {[%clk 1:32:05]}  a6 {[%clk 1:28:19]} 6. Bxc6+ {[%clk 1:32:27]}  bxc6 {[%clk 1:28:43]} 7. O-O {[%clk 1:32:19]}  e5 {[%clk 1:22:13]} 8. Qa4 {[%clk 1:32:27]}  Qc7 {[%clk 1:20:53]} 9. c4 {[%clk 1:31:46]}  Bd7 {[%clk 1:00:53]} 10. Nc3 {[%clk 1:29:26]}  Ne7 {[%clk 1:00:33]} 11. Be3 {[%clk 1:20:34]}  f6 {[%clk 0:54:55]} 12. Qc2 {[%clk 1:16:30]}  Be6 {[%clk 0:53:43]} 13. Rfd1 {[%clk 1:10:11]}  Bxc4 {[%clk 0:41:21]} 14. Rac1 {[%clk 1:01:48]}  Be6 {[%clk 0:40:50]} 15. Nd5 {[%clk 1:00:12]}  Qb7 {[%clk 0:40:28]} 16. Nb6 {[%clk 0:57:23]}  Rd8 {[%clk 0:39:01]} 17. Nc4 {[%clk 0:56:37]}  Qb4 {[%clk 0:30:20]} 18. b3 {[%clk 0:49:54]}  d5 {[%clk 0:23:32]} 19. Bd2 {[%clk 0:32:44]}  Qb5 {[%clk 0:22:27]} 20. a4 {[%clk 0:31:42]}  Qb8 {[%clk 0:21:36]} 21. Na5 {[%clk 0:31:11]}  dxe4 {[%clk 0:19:21]} 22. Qxe4 {[%clk 0:28:52]}  Bd5 {[%clk 0:19:38]} 23. Qe2 {[%clk 0:27:38]}  Qc8 {[%clk 0:16:51]} 24. Nc4 {[%clk 0:19:46]}  Qe6 {[%clk 0:14:32]} 25. Ba5 {[%clk 0:16:50]}  Rd7 {[%clk 0:14:49]} 26. Nb6 {[%clk 0:16:20]}  Ra7 {[%clk 0:15:11]} 27. Nxd5 {[%clk 0:14:59]}  cxd5 {[%clk 0:15:01]} 28. Nd4 {[%clk 0:11:37]}  Qd6 {[%clk 0:13:30]} 29. Nc2 {[%clk 0:11:54]}  Kf7 {[%clk 0:13:35]} 30. Ne3 {[%clk 0:09:18]}  Qe6 {[%clk 0:13:15]} 31. Bb4 {[%clk 0:02:01]}  d4 {[%clk 0:13:04]} 32. Nc4 {[%clk 0:02:16]}  Nd5 {[%clk 0:12:14]} 33. Bxf8 {[%clk 0:01:31]}  Rxf8 {[%clk 0:12:25]} 34. g3 {[%clk 0:01:54]}  Nc3 {[%clk 0:10:25]} 35. Qh5+ {[%clk 0:01:59]}  Kg8 {[%clk 0:10:48]} 36. Re1 {[%clk 0:01:28]}  e4 {[%clk 0:09:26]} 37. a5 {[%clk 0:00:39]}  f5 {[%clk 0:09:31]} 38. Qg5 {[%clk 0:00:50]}  f4 {[%clk 0:06:49]} 39. gxf4 {[%clk 0:00:52]}  Raf7 {[%clk 0:06:19]} 40. Kh1 {[%clk 0:00:41]}  Rxf4 {[%clk 0:06:22]} 41. Rg1 {[%clk 0:26:49]}  Qf6 {[%clk 0:36:18]} 42. Qxf6 {[%clk 0:16:42]}  R4xf6 {[%clk 0:35:41]} 43. Rg4 {[%clk 0:16:09]}  Rxf2 {[%clk 0:35:56]} 44. Rcg1 {[%clk 0:16:09]}  g6 {[%clk 0:35:56]} 45. Nd6 {[%clk 0:16:09]}  e3 {[%clk 0:35:56]} 0-1

[Event "45th FIDE Chess Olympiad Open"]
[Site "Budapest, Hungary"]
[Date "2024.09.19"]
[Round "8"]
[White "Predke, Alexandr"]
[Black "Abdusattorov, Nodirbek"]
[Result "0-1"]
[Board "9"]
[WhiteFideId "24107581"]
[BlackFideId "14204118"]
[WhiteTitle "GM"]
[BlackTitle "GM"]
[WhiteElo "2671"]
[BlackElo "2766"]
[WhiteTeam "Serbia"]
[BlackTeam "Uzbekistan"]
[WhiteClock "0:01:26"]
[BlackClock "0:14:51"]
[Variant "Standard"]

1. e4 {[%clk 1:30:54]}  c6 {[%clk 1:30:37]} 2. d4 {[%clk 1:30:11]}  d5 {[%clk 1:30:58]} 3. e5 {[%clk 1:30:37]}  Bf5 {[%clk 1:31:19]} 4. h4 {[%clk 1:31:01]}  Qb6 {[%clk 1:31:27]} 5. a4 {[%clk 1:30:10]}  a5 {[%clk 1:30:41]} 6. g4 {[%clk 1:24:13]}  Bd7 {[%clk 1:30:59]} 7. Rh3 {[%clk 1:22:34]}  h5 {[%clk 1:25:43]} 8. Rb3 {[%clk 1:22:16]}  Qc7 {[%clk 1:26:03]} 9. g5 {[%clk 1:06:35]}  g6 {[%clk 1:16:35]} 10. Re3 {[%clk 0:31:09]}  Bg4 {[%clk 1:11:55]} 11. Ne2 {[%clk 0:29:57]}  e6 {[%clk 1:11:14]} 12. f3 {[%clk 0:27:43]}  Bf5 {[%clk 1:11:37]} 13. b3 {[%clk 0:28:11]}  Ne7 {[%clk 1:09:13]} 14. Ng3 {[%clk 0:26:46]}  c5 {[%clk 1:05:43]} 15. Rc3 {[%clk 0:13:56]}  Nec6 {[%clk 1:01:40]} 16. Nxf5 {[%clk 0:13:00]}  gxf5 {[%clk 1:02:00]} 17. f4 {[%clk 0:10:14]}  cxd4 {[%clk 1:02:15]} 18. Rh3 {[%clk 0:09:08]}  Nd7 {[%clk 0:58:44]} 19. Na3 {[%clk 0:08:19]}  Qb6 {[%clk 0:47:05]} 20. Bd3 {[%clk 0:07:40]}  Nc5 {[%clk 0:44:22]} 21. Nb5 {[%clk 0:07:51]}  Rc8 {[%clk 0:44:43]} 22. Bb2 {[%clk 0:07:14]}  Ne4 {[%clk 0:42:50]} 23. Ke2 {[%clk 0:05:15]}  Bc5 {[%clk 0:42:13]} 24. Qg1 {[%clk 0:05:01]}  Kf8 {[%clk 0:41:36]} 25. Rd1 {[%clk 0:05:01]}  Kg7 {[%clk 0:41:34]} 26. Rh2 {[%clk 0:03:46]}  Kg6 {[%clk 0:41:32]} 27. Kf1 {[%clk 0:03:34]}  Rhd8 {[%clk 0:39:21]} 28. Re2 {[%clk 0:03:17]}  Kg7 {[%clk 0:35:53]} 29. Kg2 {[%clk 0:03:22]}  Ne7 {[%clk 0:36:15]} 30. Kh3 {[%clk 0:03:16]}  Ng6 {[%clk 0:36:38]} 31. Rf1 {[%clk 0:03:38]}  Rc6 {[%clk 0:34:05]} 32. Rf3 {[%clk 0:03:45]}  Bb4 {[%clk 0:32:55]} 33. Bxd4 {[%clk 0:02:50]}  Bc5 {[%clk 0:33:21]} 34. Qa1 {[%clk 0:02:00]}  Rdc8 {[%clk 0:32:22]} 35. Qg1 {[%clk 0:01:18]}  Nc3 {[%clk 0:24:12]} 36. Bxc5 {[%clk 0:01:25]}  Qxc5 {[%clk 0:24:39]} 37. Qxc5 {[%clk 0:01:44]}  Rxc5 {[%clk 0:25:07]} 38. Rd2 {[%clk 0:00:37]}  Nxb5 {[%clk 0:21:43]} 39. axb5 {[%clk 0:01:03]}  Rc3 {[%clk 0:21:50]} 40. Kg3 {[%clk 0:00:40]}  Nf8 {[%clk 0:20:45]} 41. Kf2 {[%clk 0:17:28]}  Nd7 {[%clk 0:50:35]} 42. Ke2 {[%clk 0:17:22]}  Nc5 {[%clk 0:50:02]} 43. Kd1 {[%clk 0:17:49]}  a4 {[%clk 0:43:56]} 44. bxa4 {[%clk 0:17:57]}  Ra8 {[%clk 0:44:22]} 45. Rg2 {[%clk 0:07:21]}  Rxa4 {[%clk 0:43:43]} 46. g6 {[%clk 0:07:46]}  Nxd3 {[%clk 0:38:45]} 47. gxf7+ {[%clk 0:08:06]}  Kxf7 {[%clk 0:39:12]} 48. cxd3 {[%clk 0:08:30]}  Ra1+ {[%clk 0:39:40]} 49. Kd2 {[%clk 0:08:56]}  d4 {[%clk 0:40:08]} 50. Rfg3 {[%clk 0:08:09]}  Ra2+ {[%clk 0:40:19]} 51. Kd1 {[%clk 0:08:36]}  Rxg2 {[%clk 0:40:39]} 52. Rxg2 {[%clk 0:09:03]}  Rxd3+ {[%clk 0:30:29]} 53. Rd2 {[%clk 0:08:19]}  Rh3 {[%clk 0:28:00]} 54. Rxd4 {[%clk 0:08:44]}  Rxh4 {[%clk 0:28:29]} 55. b6 {[%clk 0:03:11]}  Ke8 {[%clk 0:22:08]} 56. Rc4 {[%clk 0:03:18]}  Rg4 {[%clk 0:22:33]} 57. Ke2 {[%clk 0:02:45]}  h4 {[%clk 0:21:53]} 58. Kf3 {[%clk 0:01:35]}  Rg1 {[%clk 0:13:04]} 59. Kf2 {[%clk 0:01:21]}  Rb1 {[%clk 0:12:52]} 60. Rc8+ {[%clk 0:01:39]}  Kf7 {[%clk 0:13:17]} 61. Rc7+ {[%clk 0:02:07]}  Kg6 {[%clk 0:13:40]} 62. Rxb7 {[%clk 0:02:24]}  Kh5 {[%clk 0:13:58]} 63. Rg7 {[%clk 0:02:22]}  h3 {[%clk 0:13:53]} 64. Rg5+ {[%clk 0:00:33]}  Kh4 {[%clk 0:14:10]} 65. b7 {[%clk 0:00:37]}  Rxb7 {[%clk 0:13:31]} 66. Rg6 {[%clk 0:01:05]}  Rb2+ {[%clk 0:13:37]} 67. Kf3 {[%clk 0:01:23]}  Rb3+ {[%clk 0:14:04]} 68. Kf2 {[%clk 0:01:50]}  h2 {[%clk 0:13:58]} 69. Rh6+ {[%clk 0:00:58]}  Kg4 {[%clk 0:14:24]} 70. Kg2 {[%clk 0:01:26]}  Rb6 {[%clk 0:14:51]} 0-1

[Event "45th FIDE Chess Olympiad Open"]
[Site "Budapest, Hungary"]
[Date "2024.09.19"]
[Round "8"]
[White "Yakubboev, Nodirbek"]
[Black "Sarana, Alexey"]
[Result "1/2-1/2"]
[Board "10"]
[WhiteFideId "14203987"]
[BlackFideId "24133795"]
[WhiteTitle "GM"]
[BlackTitle "GM"]
[WhiteElo "2666"]
[BlackElo "2713"]
[WhiteTeam "Uzbekistan"]
[BlackTeam "Serbia"]
[WhiteClock "0:14:13"]
[BlackClock "0:35:34"]
[Variant "Standard"]

1. e4 {[%clk 1:30:52]}  c5 {[%clk 1:30:55]} 2. Nf3 {[%clk 1:31:17]}  d6 {[%clk 1:31:10]} 3. d4 {[%clk 1:31:41]}  cxd4 {[%clk 1:31:31]} 4. Nxd4 {[%clk 1:32:08]}  Nf6 {[%clk 1:31:46]} 5. Nc3 {[%clk 1:32:32]}  a6 {[%clk 1:32:11]} 6. Be3 {[%clk 1:32:54]}  Ng4 {[%clk 1:30:10]} 7. Bc1 {[%clk 1:33:03]}  Nf6 {[%clk 1:30:26]} 8. Be3 {[%clk 1:33:27]}  Ng4 {[%clk 1:30:51]} 9. Bg5 {[%clk 1:33:52]}  h6 {[%clk 1:31:11]} 10. Bh4 {[%clk 1:34:20]}  g5 {[%clk 1:31:12]} 11. Bg3 {[%clk 1:34:45]}  Bg7 {[%clk 1:31:29]} 12. Qd2 {[%clk 1:35:03]}  Nc6 {[%clk 1:22:28]} 13. Nb3 {[%clk 1:35:29]}  Be6 {[%clk 1:22:02]} 14. h4 {[%clk 1:27:10]}  gxh4 {[%clk 1:21:21]} 15. Rxh4 {[%clk 1:24:23]}  h5 {[%clk 1:21:28]} 16. O-O-O {[%clk 1:04:18]}  Rc8 {[%clk 1:09:57]} 17. Nd5 {[%clk 0:53:57]}  Nce5 {[%clk 1:01:26]} 18. Nf4 {[%clk 0:46:20]}  Bxb3 {[%clk 0:50:03]} 19. axb3 {[%clk 0:46:48]}  Nf6 {[%clk 0:49:45]} 20. Qe2 {[%clk 0:45:58]}  Qa5 {[%clk 0:27:17]} 21. Kb1 {[%clk 0:45:15]}  Nc6 {[%clk 0:27:14]} 22. c3 {[%clk 0:39:16]}  Qg5 {[%clk 0:25:54]} 23. Nd5 {[%clk 0:29:00]}  Ne5 {[%clk 0:23:07]} 24. Rh3 {[%clk 0:25:25]}  Qg6 {[%clk 0:19:40]} 25. Bxe5 {[%clk 0:20:47]}  dxe5 {[%clk 0:20:09]} 26. Qd3 {[%clk 0:13:43]}  Nxd5 {[%clk 0:16:21]} 27. Qxd5 {[%clk 0:13:29]}  Qc6 {[%clk 0:16:43]} 28. Bc4 {[%clk 0:02:09]}  Qxd5 {[%clk 0:11:27]} 29. exd5 {[%clk 0:01:34]}  Rh6 {[%clk 0:07:58]} 30. Bd3 {[%clk 0:01:24]}  h4 {[%clk 0:05:59]} 31. Rdh1 {[%clk 0:01:43]}  Rd8 {[%clk 0:03:47]} 32. Be4 {[%clk 0:01:35]}  Kd7 {[%clk 0:03:35]} 33. Rxh4 {[%clk 0:01:01]}  Rxh4 {[%clk 0:03:30]} 34. Rxh4 {[%clk 0:01:30]}  Rh8 {[%clk 0:03:53]} 35. Rg4 {[%clk 0:01:21]}  Bf6 {[%clk 0:04:15]} 36. d6 {[%clk 0:00:44]}  Rh4 {[%clk 0:02:00]} 37. Rxh4 {[%clk 0:00:43]}  Bxh4 {[%clk 0:02:28]} 38. g3 {[%clk 0:01:02]}  Bg5 {[%clk 0:02:57]} 39. Bxb7 {[%clk 0:01:24]}  a5 {[%clk 0:03:14]} 40. dxe7 {[%clk 0:01:34]}  Kxe7 {[%clk 0:03:19]} 41. Be4 {[%clk 0:00:34]}  Kd6 {[%clk 0:03:28]} 42. Ka2 {[%clk 0:25:15]}  Bc1 {[%clk 0:31:19]} 43. Ka3 {[%clk 0:21:45]}  Kc5 {[%clk 0:31:13]} 44. g4 {[%clk 0:20:02]}  f6 {[%clk 0:31:13]} 45. f3 {[%clk 0:19:07]}  Kb5 {[%clk 0:31:18]} 46. Bd3+ {[%clk 0:18:13]}  Kc5 {[%clk 0:31:41]} 47. Bf5 {[%clk 0:18:22]}  Kb5 {[%clk 0:31:48]} 48. Bc8 {[%clk 0:18:32]}  Kc5 {[%clk 0:32:10]} 49. Bb7 {[%clk 0:15:21]}  Kb6 {[%clk 0:32:30]} 50. Ba8 {[%clk 0:15:43]}  Kc5 {[%clk 0:32:54]} 51. Ka2 {[%clk 0:15:26]}  Bg5 {[%clk 0:33:16]} 52. Kb1 {[%clk 0:15:52]}  Bf4 {[%clk 0:33:36]} 53. Kc2 {[%clk 0:14:36]}  Bg5 {[%clk 0:33:46]} 54. Kd3 {[%clk 0:14:41]}  Bh4 {[%clk 0:33:54]} 55. Ke4 {[%clk 0:14:19]}  Bg5 {[%clk 0:34:15]} 56. Kf5 {[%clk 0:14:35]}  Bh4 {[%clk 0:34:41]} 57. Ke4 {[%clk 0:13:50]}  Bg5 {[%clk 0:35:07]} 58. Kf5 {[%clk 0:14:15]}  Bh4 {[%clk 0:35:34]} 59. Ke4 {[%clk 0:14:13]} 1/2-1/2

[Event "45th FIDE Chess Olympiad Open"]
[Site "Budapest, Hungary"]
[Date "2024.09.19"]
[Round "8"]
[White "Indjic, Aleksandar"]
[Black "Sindarov, Javokhir"]
[Result "1/2-1/2"]
[Board "11"]
[WhiteFideId "911925"]
[BlackFideId "14205483"]
[WhiteTitle "GM"]
[BlackTitle "GM"]
[WhiteElo "2611"]
[BlackElo "2677"]
[WhiteTeam "Serbia"]
[BlackTeam "Uzbekistan"]
[WhiteClock "0:08:13"]
[BlackClock "0:25:15"]
[Variant "Standard"]

1. Nf3 {[%clk 1:30:25]}  Nf6 {[%clk 1:30:36]} 2. c4 {[%clk 1:30:34]}  e6 {[%clk 1:30:42]} 3. g3 {[%clk 1:30:29]}  d5 {[%clk 1:30:48]} 4. Bg2 {[%clk 1:30:49]}  Be7 {[%clk 1:31:13]} 5. O-O {[%clk 1:30:55]}  O-O {[%clk 1:31:35]} 6. d3 {[%clk 1:31:13]}  c5 {[%clk 1:22:21]} 7. Ne5 {[%clk 1:31:21]}  d4 {[%clk 1:14:24]} 8. e3 {[%clk 1:28:48]}  dxe3 {[%clk 1:08:07]} 9. Bxe3 {[%clk 1:28:44]}  Qc7 {[%clk 1:01:13]} 10. f4 {[%clk 1:27:55]}  Nfd7 {[%clk 1:01:38]} 11. Nf3 {[%clk 1:27:48]}  Nc6 {[%clk 0:44:15]} 12. Nc3 {[%clk 1:27:30]}  b6 {[%clk 0:40:58]} 13. d4 {[%clk 1:24:11]}  Na5 {[%clk 0:37:56]} 14. b3 {[%clk 1:10:52]}  Bb7 {[%clk 0:37:48]} 15. d5 {[%clk 1:10:06]}  exd5 {[%clk 0:38:02]} 16. Nxd5 {[%clk 1:10:12]}  Bxd5 {[%clk 0:38:26]} 17. Qxd5 {[%clk 1:10:31]}  Rad8 {[%clk 0:38:10]} 18. Qf5 {[%clk 1:01:21]}  Nc6 {[%clk 0:37:45]} 19. Rad1 {[%clk 0:53:52]}  Nf6 {[%clk 0:37:54]} 20. h3 {[%clk 0:53:36]}  g6 {[%clk 0:37:24]} 21. Qb1 {[%clk 0:54:00]}  Nh5 {[%clk 0:37:20]} 22. Bf2 {[%clk 0:53:41]}  Bf6 {[%clk 0:37:41]} 23. Rd5 {[%clk 0:51:59]}  Nb4 {[%clk 0:35:14]} 24. Rdd1 {[%clk 0:47:31]}  Rfe8 {[%clk 0:35:23]} 25. a3 {[%clk 0:40:30]}  Nc6 {[%clk 0:35:13]} 26. Rxd8 {[%clk 0:39:48]}  Rxd8 {[%clk 0:35:07]} 27. Re1 {[%clk 0:40:08]}  Nd4 {[%clk 0:32:59]} 28. Nd2 {[%clk 0:28:21]}  Bg7 {[%clk 0:31:10]} 29. Ne4 {[%clk 0:28:39]}  Nf6 {[%clk 0:27:29]} 30. Nc3 {[%clk 0:26:02]}  h5 {[%clk 0:27:47]} 31. Nd5 {[%clk 0:12:55]}  Nxd5 {[%clk 0:28:07]} 32. Bxd5 {[%clk 0:13:18]}  Nf5 {[%clk 0:25:12]} 33. Qe4 {[%clk 0:11:55]}  Bc3 {[%clk 0:23:56]} 34. Re2 {[%clk 0:10:36]}  Kf8 {[%clk 0:23:47]} 35. g4 {[%clk 0:09:51]}  Nd4 {[%clk 0:23:46]} 36. Bxd4 {[%clk 0:09:09]}  Bxd4+ {[%clk 0:24:05]} 37. Kg2 {[%clk 0:08:13]}  hxg4 {[%clk 0:24:30]} 38. hxg4 {[%clk 0:08:36]}  Qd7 {[%clk 0:24:56]} 39. Kf3 {[%clk 0:07:52]}  Re8 {[%clk 0:25:15]} 40. Qxe8+ {[%clk 0:08:13]} 1/2-1/2